| 000 | 01197nam a2200229Ia 4500 | ||
|---|---|---|---|
| 999 |
_c38667 _d38667 |
||
| 001 | 4897 | ||
| 003 | GE_BSU | ||
| 005 | 20200127140940.0 | ||
| 008 | 181216s2009||||ge |||||||||||||| ||geo|| | ||
| 020 | _a9789941401636 | ||
| 040 | _cGE_BSU | ||
| 041 | _ageo | ||
| 080 | _a811.14'01-8(075.8) ძ-48 | ||
| 245 |
_aძველი ბერძნული ენა : _b საკითხავი ტექსტები, სავარჯიშოები. ძველბერძნულ - ქართული ლექსიკონი, ქართულ - ძველბერძნული ლექსიკონი / _cშემდგ. ქეთევან აბესაძე. |
||
| 264 |
_aთბილისი : _bლოგოსი ; _c2009. |
||
| 300 |
_a198 გვ. ; _c24 სმ. |
||
| 653 | _aძველი ბერძნული ენა | ||
| 653 | _aძველბერძნულ - ქართული ლექსიკონი | ||
| 653 | _aქართულ - ძველბერძნული ლექსიკონი | ||
| 700 |
_aაბესაძე, ქეთევან _eშემდგენელი _93446 |
||
| 942 |
_cBK _2udc |
||